02339nam a2200253 a 450000100100000000500170001000800410002702000180006804100080008604300120009424501390010625000120024526000360025730000190029349000830031250003020039552011370069765000260183465000680186065000510192865000450197970000270202470000340205100008739220200120224952.0190826s2018 ck gr|||| 000 c spa d a9789588969794 aspa as-ck---10aEl volcán :bun presente de la historieta latinoamericana /cselección, edición y prólogo, José Sainz y Alejandro Bidegaray. a1a. ed. aBogotá :bRey Naranjo,c2018. a280 páginas. 0aPlan Nacional de Lectura y Escritura Leer es mi Cuento / Ministerio de Cultura aEl bully de Wlmart / Abraham Díaz -- Animal herido / Mariana Gil Ríos -- Grosería / Pachiclón -- GROAR / La Watson -- Diarios de viaje / Maliki -- Ni de aquí ni de allá / Amanda Baeza -- Ensayo para una historia / Joni B -- Miedosa / Catalina Bu -- Ascensor al infierno / Diego Parés3 a"El volcán es una antología de historieta latinoamericana que contiene historietas autoconclusivas de 42 historietistas. En los últimos años, a partir de toda una serie de nuevos festivales, colectivos de autores, librerías, editoriales, revistas y medios de difusión especializados, la historieta latinoamericana empezó a generar un nuevo conjunto de reflexiones sobre temas, lenguajes, tradiciones, influencias y recursos y fue definiendo una nueva identidad. Los productos de esta conformación están hoy a la vista: la escena latinoamericana se percibe como un movimiento que crece y avanza. Los artistas presentan, además de una renovada y potente fuerza creativa, un sólido interés por el desarrollo de sus estilos personales. En ese sentido, El volcán propone un recorrido por algunas de las principales y más singulares voces de la historieta actual de Argentina, Bolivia, Brasil, Chile, Colombia, Costa Rica, Cuba, México, Paraguay, Perú, Uruguay y Venezuela. La selección intenta representar el enorme magma de tendencias que se entremezclan, expanden y entran, finalmente, en erupción."14aLiteratura colombiana24aTiras cómicas, historietas, etc.xAmérica LatinaySiglo XXI24aHumorismo gráfico latinoamericanoySiglo XXI24aCaricaturasySiglo XXIzAmérica Latina1 aSainz, José,eeditor1 aBidegaray, Alejandro,eeditor